| 000 | 00527ntaaa2200181 4500 | ||
|---|---|---|---|
| 003 | 01 | ||
| 005 | 20251027201931.0 | ||
| 008 | 0714s1973 ag 01 | ||
| 040 |
_aAR-BaBN _bspa _cAR-BaBN _eaacr _dRIC |
||
| 082 | _a244.5000 Es8 | ||
| 100 |
_aEstrada, José R. _917827 |
||
| 245 | _aLas manos más bellas del mundo | ||
| 250 | _a1 ed. | ||
| 260 |
_aEl Paso : _bCasa Bautista de Publicaciones, _c1967 |
||
| 300 | _a31 p. | ||
| 500 | _aObra dramática escrita por un joven guatemalteco alusivo el Diá de las Madres. | ||
| 942 | _cBK | ||
| 999 |
_c14054 _d14054 |
||